| 000 | 00905cad a22001815a 4500 | ||
|---|---|---|---|
| 001 | E149790 | ||
| 008 | 100426s2009 xxk 000 0 eng d | ||
| 035 | _a(Sirsi) u149790 | ||
| 041 | 0 | _aeng | |
| 110 | 2 |
_aUnited Kingdom _bDepartment for Communities and Local Government _bPlanning Portal _95103 |
|
| 245 | 0 | 0 |
_aEnergy performance certificate for construction _h[electronic resource] |
| 260 | _c[2009] | ||
| 520 | _aSets out the responsibities of builders for providing an energy performance certificate to the owner when the construction of a new building is completed. When the construction of a new building is completed. | ||
| 651 | 4 |
_aUnited Kingdom _y |
|
| 690 | _aENVIRONMENTAL AND LAND CONSULTANCY-ENERGY-ENERGY USE-ENERGY USE ASSESSMENT | ||
| 856 | 4 | 0 |
_uhttps://www.planningportal.gov.uk/england/government/buildingregs/epc _zView the item free of charge at www.planningportal.gov.uk |
| 942 | _n0 | ||
| 999 |
_c82281 _d82281 |
||